000 00171nam a2200073Ia 4500
008 170524s9999 xx 000 0 und d
100 _aKAZMI- SHH
245 0 _aMARKETING MANAGEMENT
260 _bEXCEL BOOKS
999 _c8170
_d8170